000 01031cam a2200205 4500
001 WB3714-11
008 000000n2001 000 0 eng u
035 _a(Sirsi) u111819
245 _aWaiting for the imPACT
260 _c2001
490 _aDispute Resolution Newsletter
_v(15) April 2001, 1(1)
520 _aThe Professional Arbitration on Court Terms (PACT) scheme was introduced in 1997 with the intention to streamline the lease renewal process, to make it quicker, cheaper and more efficient than going to court. Now the RICS would like to evaluate the use of this scheme and invites those who been involved in a private PACT appointment to send in their views. Contact [email protected]
590 _aWB
650 _aPROFESSIONAL ARBITRATION ON COURT TERMS
650 _aEXPERT WITNESS
_96239
650 _aMANAGEMENT-DISPUTE AVOIDANCE, MANAGEMENT AND RESOLUTION-DISPUTE MANAGEMENT AND RESOLUTION-ARBITRATION
650 _aRICS DISPUTE RESOLUTION SERVICE
690 _aDispute resolution
_96236
942 _n0
999 _c66627
_d66627